000 00241nam a2200109Ia 4500
008 190216s9999||||xx |||||||||||||| ||und||
100 _aThornley G C
245 4 _aThe Land Of The Law
260 _bLongmans
650 _aEnglish
942 _cBK
999 _c11774
_d11774